Apuntes para la jurisprudencia de la Corte de Talca
Saved in:
| Hovedforfatter: | |
|---|---|
| Format: | Bog |
| Sprog: | spansk |
| Udgivet: |
Talca
El Deber
1898
|
| Fag: | |
| Tags: |
Tilføj Tag
Ingen Tags, Vær først til at tagge denne postø!
|
MARC
| LEADER | 00000nam a2200000 a 4500 | ||
|---|---|---|---|
| 001 | UCR4682 | ||
| 003 | CL-VaPUC | ||
| 008 | 980313e18980000CL |||||||||||||||||spa|d | ||
| 082 | 0 | 4 | |a 347.83 |b FEL |2 21 |
| 100 | 0 | |a Feliú Gana, Guillermo |e author |9 405197 | |
| 245 | 1 | 0 | |a Apuntes para la jurisprudencia de la Corte de Talca |
| 300 | |a 99 p | ||
| 942 | |c BK | ||
| 945 | |d 19980313 00:00:00 |a aolguin | ||
| 260 | |a Talca |b El Deber |c 1898 | ||
| 650 | 7 | |a JUZGADOS DE LETRAS |2 CL-VaPUC |9 405198 | |
| 650 | 0 | |a Juicio civil |9 396013 | |
| 650 | 0 | |a Jurisprudencia |9 255952 | |
| 650 | 0 | |a Sentencias |9 256250 | |
| 650 | 0 | |a Proceso civil |9 361912 | |
| 651 | 0 | |a Talca |9 265150 | |
| 651 | 7 | |a CHILE |2 CL-VaPUC |9 405199 | |
| 583 | |a last modification |c 19980313 00:00:00 |k Rodrigo Vera | ||
| 999 | |c 267579 |d 267577 | ||
| 952 | |0 0 |1 0 |4 0 |6 347_830000000000000_FEL_1898 |7 0 |8 X |9 299976 |a BIBDER |b BIBDER |d 2019-11-20 |i 1961837 |o 347.83 FEL 1898 |p 1961837 |r 2023-01-25 |w 2019-11-20 |y BK_X |k DER | ||